[Event "IIFL Wealth 4th Mumbai GM"]
[Site "Mumbai"]
[Date "2019.01.07"]
[Round "9"]
[White "Bhambure, Shantanu"]
[Black "Soham Datar"]
[Result "1/2-1/2"]
[WhiteElo "2223"]
[BlackElo "2134"]
[Annotator "TA"]
[PlyCount "83"]
[EventDate "2018.12.30"]
[EventType "swiss"]
[EventCountry "IND"]
[SourceTitle "playchess.com"]
[Source "ChessBase"]
[SourceQuality "1"]

1. d4 d5 2. c4 c6 3. Nf3 Nf6 4. Qc2 dxc4 5. Qxc4 Bf5 6. g3 e6 7. Bg2 Nbd7 8. O-O Be7 9. e3 O-O 10. Rd1 h6 11. Nc3 b5 12. Qe2 b4 13. Na4 Qa5 14. b3 Qb5 15. Qe1 Bc2 16. Rd2 Be4 17. Bb2 Rfd8 18. Rc1 Rac8 19. Rdd1 Qh5 20. Nd2 Bxg2 21. Kxg2 c5 22. dxc5 Nxc5 23. Nxc5 Rxc5 24. Rxc5 Qxc5 25. Nc4 Qc6+ 26. f3 Rxd1 27. Qxd1 Nd5 28. Qd2 Nb6 29. Ne5 Qb5 30. Nd3 a5 31. e4 a4 32. Bd4 axb3 33. axb3 Nd7 34. Qc2 Nb8 35. Be3 Nc6 36. Nb2 Bf6 37. Qc4 Qb7 38. Nd3 Na5 39. Qxb4 Qxb4 40. Nxb4 Nxb3 41. Nd3 Bd4 42. Kf2 1/2-1/2

[Event "IIFL Wealth 4th Mumbai GM"]
[Site "Mumbai"]
[Date "2019.01.07"]
[Round "9"]
[White "Aaryan Varshney"]
[Black "Ritviz, Parab"]
[Result "1-0"]
[WhiteElo "2200"]
[BlackElo "2338"]
[Annotator "TA"]
[PlyCount "77"]
[EventDate "2018.12.30"]
[EventType "swiss"]
[EventCountry "IND"]
[SourceTitle "playchess.com"]
[Source "ChessBase"]
[SourceQuality "1"]

1. d4 Nf6 2. Nf3 g6 3. Bf4 Bg7 4. e3 d6 5. h3 O-O 6. Be2 c5 7. c3 Be6 8. dxc5 dxc5 9. O-O Qb6 10. Qc1 Nc6 11. Nbd2 Na5 12. Ne5 Rac8 13. Re1 c4 14. Bh2 Rfd8 15. Ndf3 Ne4 16. Nd4 Nc5 17. Rd1 Bd5 18. Nc2 f6 19. Rxd5 fxe5 20. Nb4 e4 21. Qc2 e6 22. Rxd8+ Rxd8 23. Rd1 Nd3 24. b3 cxb3 25. axb3 Rc8 26. Nxd3 Rxc3 27. Qa2 exd3 28. Bxd3 Qb5 29. Qd2 Qxb3 30. Qe2 Rc5 31. Be4 Rc8 32. Bg3 Bf6 33. Qg4 Qc4 34. Rd7 Bg7 35. Qg5 Qxe4 36. Qe7 Qb1+ 37. Kh2 Qa1 38. Qxe6+ Kh8 39. Rxg7 1-0

[Event "IIFL Wealth 4th Mumbai GM"]
[Site "Mumbai"]
[Date "2019.01.07"]
[Round "9"]
[White "Phadke Sohan"]
[Black "Movsziszian, Karen"]
[Result "0-1"]
[WhiteElo "2191"]
[BlackElo "2505"]
[Annotator "TA"]
[PlyCount "78"]
[EventDate "2018.12.30"]
[EventType "swiss"]
[EventCountry "IND"]
[SourceTitle "playchess.com"]
[Source "ChessBase"]
[SourceQuality "1"]

1. e4 d6 2. d4 Nf6 3. Nc3 Nbd7 4. f4 e5 5. Nf3 exd4 6. Nxd4 g6 7. Qf3 Bg7 8. Be3 O-O 9. O-O-O c6 10. g4 Re8 11. g5 Nxe4 12. Nxe4 Qe7 13. Nxd6 Qxd6 14. Bc4 Nb6 15. Bb3 Nd5 16. Nb5 Qb4 17. Rxd5 cxd5 18. Nc7 Bf5 19. a3 Qa5 20. Nxe8 Be4 21. Qf2 Rxe8 22. Rd1 Rc8 23. Bd4 Bf8 24. Qd2 Qb5 25. Bc3 Bg7 26. Bxg7 Kxg7 27. Qb4 Qe2 28. Qd2 Qf3 29. Bxd5 Bxd5 30. Qd4+ Kg8 31. Qxd5 Qxf4+ 32. Qd2 Qc4 33. Kb1 b5 34. b3 Qc5 35. Kb2 Qe5+ 36. Kb1 Qf5 37. Re1 a5 38. Re2 a4 39. b4 h6 0-1

[Event "IIFL Wealth 4th Mumbai GM"]
[Site "Mumbai"]
[Date "2019.01.07"]
[Round "9"]
[White "Subhayan Kundu"]
[Black "Anuj Shrivatri"]
[Result "0-1"]
[WhiteElo "2185"]
[BlackElo "2357"]
[Annotator "TA"]
[PlyCount "82"]
[EventDate "2018.12.30"]
[EventType "swiss"]
[EventCountry "IND"]
[SourceTitle "playchess.com"]
[Source "ChessBase"]
[SourceQuality "1"]

1. e4 e5 2. Nf3 Nc6 3. Bc4 Nf6 4. d3 Bc5 5. c3 O-O 6. b4 Be7 7. O-O d5 8. exd5 Nxd5 9. b5 Na5 10. Bxd5 Qxd5 11. c4 Qd7 12. Bd2 e4 13. Bxa5 exf3 14. Qxf3 a6 15. b6 cxb6 16. Bxb6 Bf6 17. d4 Bxd4 18. Rd1 Bxa1 19. Rxd7 Bxd7 20. Nd2 Bc6 21. Qd1 Bf6 22. Nf1 Rfe8 23. Ne3 Re6 24. Ba5 Rae8 25. h3 Re4 26. Bb6 Bg5 27. Qd3 Bf4 28. a3 R4e6 29. Bc5 Rg6 30. g3 Bxe3 31. Bxe3 Rge6 32. Kh2 R6e7 33. g4 Rd7 34. Qc2 h6 35. Kg3 Red8 36. Qf5 Rd1 37. c5 g5 38. h4 Rg1+ 39. Kh3 Rh1+ 40. Kg3 gxh4+ 41. Kf4 Rh3 0-1

[Event "IIFL Wealth 4th Mumbai GM"]
[Site "Mumbai"]
[Date "2019.01.07"]
[Round "9"]
[White "Surendran N"]
[Black "Sammed Jaykumar, Shete"]
[Result "0-1"]
[WhiteElo "2176"]
[BlackElo "2378"]
[Annotator "TA"]
[PlyCount "50"]
[EventDate "2018.12.30"]
[EventType "swiss"]
[EventCountry "IND"]
[SourceTitle "playchess.com"]
[Source "ChessBase"]
[SourceQuality "1"]

1. d4 Nf6 2. c4 g6 3. Nc3 d5 4. cxd5 Nxd5 5. g3 Bg7 6. Bg2 Nxc3 7. bxc3 c5 8. e3 O-O 9. Ne2 Qa5 10. O-O Nc6 11. Bd2 Rd8 12. Nc1 Qc7 13. Nb3 c4 14. Nc1 Rb8 15. f4 b5 16. Ne2 b4 17. d5 Bg4 18. Rc1 e6 19. cxb4 Nxb4 20. Bxb4 Rxb4 21. Qe1 Rb2 22. Nc3 exd5 23. Rf2 Rxf2 24. Qxf2 d4 25. Nb5 Qc5 0-1

[Event "IIFL Wealth 4th Mumbai GM"]
[Site "Mumbai"]
[Date "2019.01.07"]
[Round "9"]
[White "Varshini, V."]
[Black "Varga, Klara"]
[Result "1-0"]
[WhiteElo "2171"]
[BlackElo "2242"]
[Annotator "TA"]
[PlyCount "47"]
[EventDate "2018.12.30"]
[EventType "swiss"]
[EventCountry "IND"]
[SourceTitle "playchess.com"]
[Source "ChessBase"]
[SourceQuality "1"]

1. e4 e6 2. d4 d5 3. Nd2 Be7 4. Ngf3 Nf6 5. e5 Nfd7 6. Bd3 c5 7. c3 Nc6 8. O-O g5 9. dxc5 g4 10. Nd4 Ndxe5 11. N2b3 Bd7 12. Re1 Nxd3 13. Qxd3 Bg5 14. Nf5 Kf8 15. Nd6 b6 16. c4 Bxc1 17. Raxc1 Qg5 18. cxd5 exd5 19. cxb6 Ne5 20. Qg3 Ng6 21. b7 Rb8 22. Rc8+ Kg7 23. Rxh8 Rxh8 24. Ne8+ 1-0

[Event "IIFL Wealth 4th Mumbai GM"]
[Site "Mumbai"]
[Date "2019.01.07"]
[Round "9"]
[White "Nikhil Magizhnan"]
[Black "Kathmale, Sameer"]
[Result "1/2-1/2"]
[WhiteElo "2148"]
[BlackElo "2312"]
[Annotator "TA"]
[PlyCount "80"]
[EventDate "2018.12.30"]
[EventType "swiss"]
[EventCountry "IND"]
[SourceTitle "playchess.com"]
[Source "ChessBase"]
[SourceQuality "1"]

1. e4 c5 2. Nf3 Nc6 3. c3 Nf6 4. e5 Nd5 5. d4 cxd4 6. cxd4 d6 7. Nc3 dxe5 8. dxe5 Nxc3 9. Qxd8+ Nxd8 10. bxc3 Bd7 11. Rb1 Rc8 12. Bd2 Rc5 13. Be2 g6 14. O-O Bg7 15. Be3 Ra5 16. Rb2 O-O 17. Rd1 Ba4 18. Rd4 Bc6 19. Rd1 b6 20. Rbd2 Nb7 21. e6 fxe6 22. Ng5 Ba4 23. Rc1 Re5 24. Nf3 Rxe3 25. fxe3 Bh6 26. Kf2 Nd6 27. Rd4 Bc6 28. Bc4 Rf6 29. Rcd1 Ne4+ 30. Rxe4 Bxe4 31. Rd7 Kf7 32. Rxa7 Rf5 33. Rc7 Bg7 34. Bb3 Be5 35. Rc4 Bxf3 36. gxf3 Rh5 37. h4 Bf6 38. Kg3 Rc5 39. Rxc5 bxc5 40. c4 Bc3 1/2-1/2

[Event "IIFL Wealth 4th Mumbai GM"]
[Site "Mumbai"]
[Date "2019.01.07"]
[Round "9"]
[White "Saksham Rautela"]
[Black "Wagh Suyog"]
[Result "1/2-1/2"]
[WhiteElo "2123"]
[BlackElo "2240"]
[Annotator "TA"]
[PlyCount "46"]
[EventDate "2018.12.30"]
[EventType "swiss"]
[EventCountry "IND"]
[SourceTitle "playchess.com"]
[Source "ChessBase"]
[SourceQuality "1"]

1. e4 e5 2. Nf3 Nc6 3. Bb5 a6 4. Bxc6 dxc6 5. O-O Qf6 6. d4 exd4 7. Bg5 Qd6 8. Nxd4 Bd7 9. Nc3 Be7 10. Bxe7 Nxe7 11. Nb3 O-O-O 12. Qe2 Ng6 13. Rad1 Qe7 14. Qe3 Kb8 15. Nc5 Bc8 16. Rxd8 Rxd8 17. Rd1 Re8 18. f4 f6 19. Nd3 Nf8 20. Nf2 Ng6 21. Nd3 Nf8 22. Nf2 Ng6 23. Nd3 Nf8 1/2-1/2

[Event "IIFL Wealth 4th Mumbai GM"]
[Site "Mumbai"]
[Date "2019.01.07"]
[Round "9"]
[White "Tarun Kanyamarala"]
[Black "Larmet, Nino"]
[Result "1-0"]
[WhiteElo "2120"]
[BlackElo "1835"]
[Annotator "TA"]
[PlyCount "79"]
[EventDate "2018.12.30"]
[EventType "swiss"]
[EventCountry "IND"]
[SourceTitle "playchess.com"]
[Source "ChessBase"]
[SourceQuality "1"]

1. d4 Nf6 2. c4 e6 3. Nf3 d5 4. Nc3 c6 5. e3 Nbd7 6. Qc2 Bd6 7. Bd3 dxc4 8. Bxc4 b5 9. Be2 Bb7 10. O-O a6 11. e4 e5 12. dxe5 Nxe5 13. Nh4 Nfg4 14. Nf5 g6 15. Nxd6+ Qxd6 16. g3 Nf6 17. f4 Ned7 18. Bf3 Qc5+ 19. Qf2 Qxf2+ 20. Kxf2 h5 21. e5 Ng4+ 22. Kg2 O-O-O 23. Ne4 Kc7 24. Nd6 f6 25. Nf7 fxe5 26. Nxh8 Rxh8 27. h3 Ngf6 28. fxe5 Nxe5 29. Bf4 Nfd7 30. Rfe1 Re8 31. Re3 Kd6 32. Rd1+ Ke6 33. Rxd7 Kxd7 34. Rxe5 Rxe5 35. Bxe5 Ke6 36. Bf4 Kf5 37. h4 a5 38. Kf2 a4 39. a3 Ba8 40. Ke3 1-0

[Event "IIFL Wealth 4th Mumbai GM"]
[Site "Mumbai"]
[Date "2019.01.07"]
[Round "9"]
[White "Trisha Kanyamarala"]
[Black "Kurbonboeva, Sarvinoz"]
[Result "0-1"]
[WhiteElo "1942"]
[BlackElo "2214"]
[Annotator "TA"]
[PlyCount "98"]
[EventDate "2018.12.30"]
[EventType "swiss"]
[EventCountry "IND"]
[SourceTitle "playchess.com"]
[Source "ChessBase"]
[SourceQuality "1"]

1. d4 Nf6 2. c4 g6 3. f3 Bg7 4. e4 d6 5. Nc3 O-O 6. Be3 c5 7. Nge2 b6 8. d5 e6 9. dxe6 fxe6 10. Ng3 Nc6 11. Be2 Qe7 12. O-O Bb7 13. Qd2 Nd4 14. Bd3 Rae8 15. Rae1 a6 16. h3 e5 17. Nd5 Qd8 18. b4 Nxd5 19. exd5 Nf5 20. Nxf5 gxf5 21. Bg5 Qd7 22. bxc5 dxc5 23. Qc2 Bc8 24. Rb1 Qd6 25. Rfe1 Bd7 26. Be3 Qg6 27. Bd2 e4 28. fxe4 fxe4 29. Bxe4 Rxe4 30. Rxe4 Bd4+ 31. Kh1 Bf5 32. Rbe1 Bxe4 33. Qxe4 Rf1+ 34. Kh2 Bg1+ 35. Kh1 Qxe4 36. Rxe4 Be3+ 37. Kh2 Bxd2 38. Kg3 Re1 39. Rg4+ Kf7 40. Kf3 h5 41. Rh4 Re3+ 42. Kf2 Be1+ 43. Kxe3 Bxh4 44. a4 Bg3 45. Kf3 h4 46. Ke4 Kf6 47. d6 Ke6 48. d7 Kxd7 49. Kd5 Bf2 0-1

[Event "IIFL Wealth 4th Mumbai GM"]
[Site "Mumbai"]
[Date "2019.01.07"]
[Round "9"]
[White "Rebut, Paul"]
[Black "Praveen Kumar C"]
[Result "0-1"]
[WhiteElo "1740"]
[BlackElo "2233"]
[Annotator "TA"]
[PlyCount "50"]
[EventDate "2018.12.30"]
[EventType "swiss"]
[EventCountry "IND"]
[SourceTitle "playchess.com"]
[Source "ChessBase"]
[SourceQuality "1"]

1. e4 e6 2. d4 d5 3. Nc3 Bb4 4. e5 c5 5. a3 Bxc3+ 6. bxc3 Ne7 7. Qg4 Qc7 8. Qxg7 Rg8 9. Qxh7 cxd4 10. Kd1 Nbc6 11. Nf3 dxc3 12. Ng5 Nxe5 13. f4 f6 14. fxe5 fxg5 15. Qh5+ Kd8 16. Bxg5 Qc5 17. h4 Bd7 18. Qf7 Rxg5 19. hxg5 Qe3 20. Qf2 Qxf2 21. Be2 Qe3 22. Ke1 Bb5 23. Kf1 Bxe2+ 24. Ke1 Bd3+ 25. Kd1 Qd2# 0-1